00645nam a2200205Ia 4500020001500000040000800015082002600023245005500049246005200104246006000156260006100216300003100277650001300308650002500321650001000346650001000356650001300366700001900379710004100398 a9211260469 cDJB a306 UNI 1996 A076 Or.00aBackground papers :bHuman development report 199530aBackground papers Human development report 199537aBackground papers for the Human development report 1995 aNew York :bUnited Nations Development Programme,cc1996 av, 155 p. :bill. ;c28 cm 0aSex role 0aWomen in development 0aWomen 0aWomen 0aEquality1 aAnand, Sudhir,2 aUnited Nations Development Programme